Statistics for They Shoot Pictures, Don't They? - films 101 to 120

Click here to take the quiz!

General Stats

  • This quiz has been taken 41 times
  • The average score is 8 of 20

Answer Stats

Answer% Correct
The Wizard of Oz
97%
A Clockwork Orange
94%
Annie Hall
70%
The Piano
64%
Once upon a Time in America
55%
The Red Shoes
52%
Aguirre, the Wrath of God
45%
To Live
36%
Ali: Fear Eats the Soul
24%
Come and See
24%
Sátántangó
24%
Yi Yi
24%
Greed
21%
Sherlock Jr.
21%
A Brighter Summer Day
18%
Hiroshima mon amour
18%
Last Year at Marienbad
18%
The Mother and the Whore
18%
The Spirit of the Beehive
15%
The Earrings of Madame de…
12%

Score Distribution

Percentile by Number Answered

Percent of People with Each Score

Your Score History

You have not taken this quiz